Loading...
| Fine Arts - Classical Music | 0 | 8 | 2 | 0 | 70 | 57 | 110.00 | 0 | 2 |
| History - World History | 0 | 6 | 0 | 1 | 60 | 123 | 141.67 | 0 | 0 |
| History - American History | 0 | 4 | 0 | 2 | 40 | 87 | 122.25 | 0 | 1 |
| Fine Arts - Other Fine Arts | 0 | 4 | 0 | 0 | 40 | 87 | 109.75 | 0 | 0 |
| Philosophy | 0 | 4 | 0 | 0 | 40 | 63 | 100.50 | 1 | 1 |
| History - European History | 0 | 4 | 1 | 2 | 35 | 122 | 140.75 | 0 | 0 |
| Current Events | 0 | 3 | 0 | 0 | 30 | 106 | 124.67 | 0 | 0 |
| Literature - World Literature | 0 | 2 | 0 | 1 | 20 | 140 | 150.50 | 0 | 0 |
| Science - Chemistry | 0 | 2 | 0 | 1 | 20 | 109 | 123.50 | 0 | 0 |
| Science - Other Science | 0 | 2 | 0 | 0 | 20 | 87 | 99.50 | 0 | 0 |
| Science - Physics | 0 | 3 | 2 | 0 | 20 | 104 | 113.67 | 0 | 2 |
| Social Science | 0 | 2 | 1 | 1 | 15 | 98 | 117.00 | 0 | 0 |
| Literature - European Literature | 0 | 1 | 0 | 0 | 10 | 157 | 157.00 | 0 | 0 |
| Literature - American Literature | 0 | 1 | 0 | 1 | 10 | 133 | 133.00 | 0 | 0 |
| Mythology | 0 | 1 | 0 | 0 | 10 | 110 | 110.00 | 0 | 0 |
| Other Academic | 0 | 1 | 1 | 0 | 5 | 108 | 108.00 | 0 | 0 |
| Religion | 0 | 0 | 0 | 0 | 0 | 0.00 | 0 | 0 | |
| History - Other History | 0 | 0 | 1 | 0 | -5 | 0.00 | 0 | 0 |